{"text_format":"3","workbook":"xlsx","n_sheets":3,"sheets":["原表","附件","当次移除项目"],"not_rendered":{"defined_names":3,"comments":1},"read":"whole","date_system":"1900"}

{"sheet":"原表","index":0,"n_rows":97,"n_cols":18,"rows_kept":97,"merged":[[1,7,1,10],[1,13,1,15],[3,0,6,0],[3,1,6,1],[3,2,6,2],[3,3,6,3],[3,4,6,4],[3,5,6,5],[3,6,6,6],[3,8,6,8],[3,9,6,9],[3,14,6,14],[7,0,8,0],[7,1,8,1],[7,2,8,2],[7,6,8,6],[7,8,8,8],[7,9,8,9],[9,0,10,0],[9,1,10,1],[9,2,10,2],[9,8,10,8],[12,0,13,0],[12,1,13,1],[12,2,13,2],[12,6,13,6],[12,8,13,8],[21,0,22,0],[21,1,22,1],[21,2,22,2],[21,6,22,6],[21,8,22,8],[23,0,26,0],[23,1,26,1],[26,2,26,15],[27,0,28,0],[27,1,28,1],[27,2,28,2],[27,14,28,14],[29,0,35,0],[29,1,35,1],[35,2,35,15],[42,0,50,0],[42,1,50,1],[42,2,50,2],[42,3,50,3],[42,8,49,8],[42,13,50,13],[42,14,50,14],[51,0,52,0],[51,1,52,1],[51,6,52,6],[51,8,52,8],[54,0,58,0],[54,1,58,1],[54,2,58,2],[54,3,58,3],[54,8,58,8],[54,13,58,13],[54,14,58,14],[56,4,58,4],[56,5,58,5],[56,6,58,6],[56,7,58,7],[59,0,65,0],[59,1,65,1],[59,2,65,2],[59,3,65,3],[59,8,62,8],[59,13,65,13],[59,14,65,14],[63,8,64,8],[66,0,71,0],[66,1,71,1],[66,2,71,2],[66,8,71,8],[66,11,71,11],[66,12,71,12],[66,13,71,13],[66,14,71,14],[72,0,77,0],[72,1,77,1],[72,2,77,2],[72,8,77,8],[72,11,77,11],[72,12,77,12],[72,13,77,13],[72,14,77,14],[82,6,82,12],[84,0,89,0],[84,1,89,1],[84,2,89,2],[84,3,89,3],[84,8,89,8],[84,13,89,13],[84,14,89,14]]}
["2024年10月11日衡阳市中心医院院内维修议价结果"]
["时间:2024年10月11日",{"$nulls":12},"地点：门诊综合大楼六楼615会议室"]
["序号","性质","科室","项  目","数量","单位","生产厂家","规格型号","投标企业","是否授权","中标（报）价/\n单价(元)","二次报价/\n单价(元)","最终价/单价(元)","是否\n通过","备注","平台编码\n注册证","医保编码"]
[{"$f":"COUNTA($A$3:A3)","v":1},"集采转配送","心血管内科","导引导丝",null,"根","原配送商：湖南嘉事宏利医疗器械有限公司","VTF:1013317","现配送商：华润湖南新特药有限公司","是",559.97,559.97,559.97,"通过","原采购价559.97元（2024年03月01日集采价）\n生产厂家：雅培心血管Abbott \nVascular","HC1002490625\n国械注进20163031273","C02022100300000106900000207"]
[{"$nulls":7},"Pt50:1010480-H",null,null,559.97,559.97,559.97,"通过",null,"HC1002490572\n国械注进20173036952","C02022100300000106900000048"]
[{"$nulls":7},"Pt150:1010481-H",null,null,559.97,559.97,559.97,"通过",null,"HC1002490575\n国械注进20173036952","C02022100300000106900000051"]
[{"$nulls":7},"Pt200:1010482-H",null,null,559.97,559.97,559.97,"通过",null,"HC1002490573\n国械注进20173036952","C02022100300000106900000049"]
[{"$f":"COUNTA($A$3:A7)","v":2},"配送企业变更","ICU","血液过滤管路及附件",null,"个","原配送商：湖南至秦商贸有限公司","Aqualine","现配送商：湖南雁优贸易有限公司","是",950,null,null,"未通过","该产品于2019年11月12日招标议价，属ICU连续性血液净化机配套产品，设备价格29万元。耗材品牌为：海默医疗股份有限公司HAEMOTRONIC S.p.A.2019年11月至2024年9月消耗量156支。\n原采购价675元。","HC1001641309\n国械注进20163102349","C10050201000000095120000001"]
[{"$nulls":3},"血液过滤器",null,"个",null,"HF1200",null,null,950,null,null,"未通过","耗材品牌为：Medivators Inc.美国美涤威公司2019年11月至2024年9月消耗量155支。\n原采购价1125元。","HC1001641312\n国械注进20153102096","\nC10050116700000095120000007"]
[{"$f":"COUNTA($A$3:A9)","v":3},"议价","ICU","血液过滤管路及附件",null,"个","海默医疗股份有限公司HAEMOTRONIC S.p.A.","Aqualine D","湖南雁优贸易有限公司","是","挂网价：1200\n报价：1100",null,null,"未通过","因日装机CRRT机器原有配套耗材即将停产，现增加替代型号\n旧型号：Aqualine\n新型号：Aqualine D\n专机耗材\n由设备科确认是否有可替代耗材","HC1001641310\n国械注进20163102349","C10050201000000095120000002"]
[{"$nulls":3},"血液过滤器",null,"个","日机装比利时有限公司Nikkiso Belgium bvba","HF12",null,"是","挂网价：1580\n报价：1500",null,null,"未通过","旧型号：HF1200\n新型号：HF12\n专机耗材\n由设备科确认是否有可替代耗材","HC1001641307\n国械注进20213100215","C10050116700000095120000006"]
[{"$f":"COUNTA($A$3:A11)","v":4},"临购","心内科","经导管植入式无导线起搏系统",2,"套","美敦力公司Medtronic Inc.","MC1AVR1","国药控股长沙\n有限公司","是",168000,168000,168000,"通过","采购价168000（第6次临购）","HC1000723867\n国械注进20223120231","C02040405800000042540000002"]
[{"$f":"COUNTA($A$3:A12)","v":5},"临购","血管介入科","一次性使用外周斑块切除装置-导管",2,"盒","美敦力公司Medtroniv.Inc.","THP-S","河南丰俊医疗器械有限公司","是",31500,30870,29925,"通过","（第1次临购）","00661273\n国械注进20233010606","C02063000400003068230000015"]
[{"$nulls":3},"一次性使用外周斑块切除装置-驱动器",2,"个",null,"FG02250",null,"是",12000,9600,9600,"通过","（第1次临购）","00661309\n国械注进20233010606","C02064900000000068230000002"]
[{"$f":"COUNTA($A$3:A14)","v":6},"议价","神经外科","电磁导航探针",6,"个","美敦力公司Medtroniv.Inc.",9735319,"湖南恒裕和贸易有限公司","是","挂网价：5807\n报价：5800",5700,5700,"通过","该产品于2021年3月12日招标议价，\n属神经外科手术导航系统（S8 Cranial）配套产品，设备价格235万元。\n原合同耗材分项目报价16000元2个\n专机耗材","00423942\n国械注进20183010514","C0350020000000004254"]
[{"$f":"COUNTA($A$3:A15)","v":7},"临购","骨科一区","椎间融合器",1,"盒","北京中诺恒康生物科技有限公司","SC1-0057","湖南医药集团衡阳有限公司",null,"挂网价：39800\n报价：14500",13000,13000,"通过","1个/盒\nSC1-0055～SC1-0060（12/14/7°）同名称采购最低价196，最高价19000\n（同厂家，注册证一致，规格：SC1-0058编码：HC1001533878，挂网价39800，采购价13000）","HC1001533854\n国械注准20213130748","C03290309700002090450000029"]
[{"$f":"COUNTA($A$3:A16)","v":8},"临购","骨科一区","增材制造人工椎体",1,"个","北京中诺恒康生物有限公司","ZTC/ZTC-382","湖南医药集团衡阳有限公司",null,"挂网价：38800\n报价：19700",18000,18000,"通过","2024年09月06日招标(型号：ZTC/ZTC-166,挂网价26800，中标价18000)","HC1001534550\n国械注准20233131673","C03290509802003090450000483"]
[{"$f":"COUNTA($A$3:A17)","v":9},"讨论","肾内科","碘液保护帽",null,null,"天津优威医塑制品有限公司","YW-D-II 型","湖南津湘药业有限公司",null,"挂网价：1.55\n报价：0.95",0.95,0.95,"通过","原采购价0.95元（2021年7月26日招标衡阳市终末期肾脏病治疗相关耗材集中带量采购）在原集采模式不变情况下（集采耗材模式回款）供应商同意按原集采价供货。","HC1000682637\n津械注准20202100098","C10020416600000066740000003"]
[{"$f":"COUNTA($A$3:A18)","v":10},"临购","检验科","登革病毒NS1抗原检测试剂（胶体金法）",120,"人份","杭州博拓生物科技股份有限公司","40人份/盒\n 板型单人份","湖南盟盛医疗用品科技有限公司",null,"挂网价：1400/40份","700/40份","700/40份","通过","700/40份，17.5/人份\n根据衡阳市卫生健康委员会关于进一步加强当前登革热等夏秋季传染病防控工作通知（适量配备登革热NSI抗原检测试剂）\n紧急采购","00588843\n国械注准20223401147"]
[{"$f":"COUNTA($A$3:A19)","v":11},"议价","耳鼻咽喉科","放大器",1,"个","加拿大 Vivosonic,Inc","A90","江西泽威实业有限公司",null,35000,30000,30000,"通过","该配件属听觉诱发电位检测系统V500配件，设备价格51万，配置清单项目价格56000元/个\n专机配件"]
[{"$f":"COUNTA($A$3:A20)","v":12},"临购","胃镜室","水处理软化盐",400,"公斤","江苏省瑞丰盐业有限公司",null,"湖南华晟费森生物科技有限公司",null,6,6,6,"通过","2023.10.27招标议价\n按6元/公斤临购40袋（1袋=10公斤）"]
[{"$f":"COUNTA($A$3:A21)","v":13},"讨论","检验科","血栓弹力图（肝素酶杯）检测试剂盒",null,null,"北京乐普诊断科技股份有限公司","5人份/盒","湖南玖信医疗器械有限公司",null,"原挂网价：2700/5人份","110/人份","110/人份","通过","原采购价：264.7元/人份","00147775\n京械注准20162401040"]
[{"$nulls":3},"血小板聚集功能（ADP及AA途径）检测试剂盒",{"$nulls":3},"1人份/盒",null,null,"原挂网价：720/1人份","110/人份","110/人份","通过","原采购价：567.6元/人份","00180720\n 京械注20162401038"]
[14,"中标后讨论","体检中心","（X射线）骨龄仪\n（上限值：640000元）",1,"台","杭州沧澜医疗科技有限公司","YTJ-01","华润湖南新特药有限公司",null,628000,628000,628000,"通过","质保期2年，无专机耗材，易损件7折"]
[null,null,"体检中心","免散瞳眼底照相机（上限值：147000元）",1,"台","东莞晋弘医疗器械设备有限公司","RetinaVue 100 Imager Pro","湖南荣安医疗科技有限公司",null,131900,131900,131900,"通过","质保期2年，易损件7折，无专机耗材"]
[null,null,"血透室","血液透析机\n（上限值：725000元）",5,"台","威高日机装（威海）透析机器有限公司","DBB-EXA ESS SA","衡阳久豪医疗器械有限公司",null,"715000/5台","715000/5台","715000/5台","通过","质保期2年，易损件7折，无专机耗材"]
[null,null,"采购代理机构：湖南润下项目管理有限责任公司，招标代理费合计：8478+1780+9652=19910元"]
[{"$f":"COUNTA($A$3:A26)","v":15},"中标后讨论","后勤保障部","衡阳市中心医院医疗特装建设项目ICU工程、中心供应室工程（上限值：14647638元）",1,"项",null,null,"湖南福临建设工程有限公司","是",14354594.04,14354594.04,14354594.04,"通过","采购代理机构：雁政招标集团有限公司"]
[{"$nulls":3},"衡阳市中心医院医疗区域配套项目医学实验室工程（上限值：7871612.21元）",1,"项",null,null,"湖南德润城乡建设开发集团有限公司","是",7679692.89,7679692.89,7679692.89,"通过"]
[16,"中标后讨论","妇科","生物刺激反馈仪（上限值：265000元）",1,"台","南京伟思医疗科技股份有限公司","SA9804 评估版","湖南子翼康达贸易有限责任公司",null,252900,252900,252900,"通过","2022.11.5招标购买相同设备（273000元）\n质保期2年，易损件7折\n易损件报价：电刺激线原价1600优惠价：1120 \n耗材报价：\n1.阴道电极VET-B：270元（有采购记录）\n2.一次性使用阴道电极VET-M:40元（有采购记录）\n3.盆底肌肉康复器:原价315元优惠价:252元"]
[null,null,"肛肠外科","生物刺激反馈仪\n（上限值：283000元）",1,"台","南京麦澜德医疗科技股份有限公司","MLD E200","湖南中邦恒盛医药有限公司",null,278800,278800,278800,"通过","质保3年，易损件7折\n耗材报价：1.一次性使用直肠电极，型号：MLDR1，组件编码：HC1000517507\n注册证：苏械注准20212091586\n挂网价70，优惠价50\n2.直肠电极，型号：MLDR2\n组件编码：HC1002605010（无挂网信息）\n挂网价280，优惠价210"]
[null,null,"肛肠外科","铜离子电化学治疗仪（上限值：151600元）",1,"台","北京跃达康科技有限公司","FF-200型","湖南中邦恒盛医药有限公司",null,147800,147800,147800,"通过","质保3年，易损件7折\n配套耗材:一次性铜离子针\n型号：FF-200\n组件编码00195116\n京械注准20172090848\n挂网价格：1080\n优惠价：800","\n"]
[null,null,"整形美容科","多功能激光光电平台（上限值：399000元）",1,"台","重庆半岛医疗科技有限公司","Derma","重药控股（湖南）有限公司",null,394700,394700,394700,"通过","质保期2年，易损件7折，无软件维护费"]
[null,null,"整形美容科","医学皮肤图像工作站（上限值：275000元）",1,"台","河北京德医疗器械科技有限公司","View Skin","重药控股（湖南）有限公司",null,271900,271900,271900,"通过","质保期2年，易损件7折，无软件维护费"]
[null,null,"华新骨科","关节镜光源及摄像系统（上限值：955000元）",1,"台","施乐辉医用产品国际贸易(上海)有限公司","LENS 4K/ 7205682/ 72202087","衡阳久豪医疗器械有限公司",null,946000,946000,946000,"通过","配套配件：过线器（使用15-20次）\n报价：12000\n优惠价：7000"]
[null,null,"采购代理机构：湖南衡招项目管理有限公司，招标代理费合计：3414+3763+1995+5328+3670+12771=30941元"]
[17,"中标后讨论","后勤保障部","衡阳市中心医院医疗区域配套项目医学实验室货物购置政府采购项目（上限值：700000元）",1,"项",null,null,"湖南奥杰赛科技发展有限公司",null,680379.05,670000,670000,"通过","维保6年，质保金10%，满3年付8%，质保期满付剩余2%\n采购代理机构：湖南兆丰工程项目管理有限公司\n680379.05*1.5%*0.9=9185.00元"]
[18,"招标代理公司讨论","采购办","裂隙灯等一批设备招标采购\n（预算：275.30万）",{"$nulls":4},"招标代理公司：湖南铭冠项目管理有限公司",{"$nulls":4},"通过"]
[19,"招标代理公司讨论","采购办","衡阳市中心医院数字化胶片服务公开招标项目（预算：250万/年）",{"$nulls":4},"招标代理公司：湖南衡招项目管理有限公司",{"$nulls":4},"通过"]
[20,"招标代理公司讨论","采购办","衡阳市中心医院健康服务楼室内精装修监理服务项目（院内招标）\n  预算：769231.00元",{"$nulls":4},"招标代理公司：雁政招标集团有限公司",{"$nulls":4},"通过"]
[21,"招标代理公司讨论","采购办","衡阳市中心医院健康服务楼室内精装修项目（预算：8248.68万元）",{"$nulls":4},"招标代理公司：湖南省招标有限责任公司",{"$nulls":4},"通过"]
[22,"更正说明","人力资源部","2023年度机关事业单位年报代办服务",1,"项","原代办公司名称：湖南百菲特科技发展有限公司",null,"更正后代办公司名称：衡阳政通科技有限公司",{"$nulls":4},"通过","2024年08月23日按1500元/年招标通过",null,null,"上会后电子卖场"]
[23,"电子卖场","医务部","衡阳市卫健委8.19举办第七届医师节庆祝表彰活动（预算：50800元）",1,null,null,"声乐指导","衡阳汇升传媒有限公司",null,15000,15000,15000,"通过","报价总计50800元"]
[{"$nulls":4},4,null,null,"主唱人员化妆费",null,null,400,400,400]
[{"$nulls":4},1,null,null,"歌曲监棚费",null,null,1000,1000,1000]
[{"$nulls":4},1,null,null,"歌曲录音费",null,null,4000,4000,4000]
[{"$nulls":4},4,null,null,"主唱人员服装租赁费",null,null,400,400,400]
[{"$nulls":4},1,null,null,"舞蹈编排",null,null,15000,15000,15000]
[{"$nulls":4},8,null,null,"舞蹈人员化妆费",null,null,200,200,200]
[{"$nulls":4},8,null,null,"舞蹈人员服装租赁费",null,null,200,200,200]
[{"$nulls":4},1,null,null,"背景频VCR视录制\n(4300/分钟)","湖南裕峰影视传媒有限公司",null,9400,9400,9400]
[24,"电子卖场","门诊办公室","电视机\n（上限值：3000元）",1,"台","北京小米科技有限责任公司","REDMIA70\n70英寸\n（内存：2G）","长沙添好贸易有限公司",null,2980,2980,2980,"通过"]
[null,null,"骨科二病区","电视机",1,"台",null,"S65miniLED\n65英寸\n（内存：4G+64）",null,null,4000,4000,4000,"通过"]
[25,"电子卖场","医疗协作部","医院患者随访系统服务费",1,"套","长沙健海思远科技有限公司","V5.0","长沙新姚医疗器械贸易有限公司",null,47000,47000,47000,"通过","货物名称：思远医院患者随访系统2022年5月13日招标，购买系统赠送2年软件服务（服务期限2022-2024年）服务期满第一次签订（2024.10.1）",null,null,"上会后电子卖场"]
[26,"电子卖场","体检中心","从业人员健康检查证明综合管理平台",1,"台",null,"硬件设备费","湖南天承信息技术有限公司",null,5350,5350,5350,"通过","丁/15674776669\n（硬件设备费价格构成：智能识别终端2800元/台；从业人员资料录入系统2550元/套）",null,null,"上会后电子卖场"]
[{"$nulls":4},1,"台",null,"PACS系统对接费",null,null,8000,8000,8000]
[{"$nulls":4},1,"年",null,"系统维护费",null,null,"2000（0-500人次）","2000（0-500人次）","2000（0-500人次）"]
[{"$nulls":10},"3000（501-10000次）","3000（501-10000次）","3000（501-10000次）"]
[{"$nulls":10},"5000（10000人次以上）","5000（10000人次以上）","5000（10000人次以上）"]
[27,"续签","药剂科","医疗机构制剂委托生产合同续签",null,"盒","养胃顺气丸","8g*9袋","湖南德康制药股份有限公司",null,29,29,29,"通过","2023.8.25招标\n湖南德康制药股份有限公司\n2023.9.22-2024.9.21\n长沙新林制药有限公司\n2024.10.1-2025.9.30\n湘潭怡凡健康管理有限公司九华中医诊所2023.9.22-2024.9.21"]
[{"$nulls":5},"盒","益气通脉颗粒","6g*6袋",null,null,32.5,32.5,32.5]
[{"$nulls":5},"盒","生髓颗粒","8g*6袋",null,null,23.76,23.76,23.76]
[{"$nulls":5},"盒","祛瘀生新颗粒","10g*6袋",null,null,24.35,24.35,24.35,{"$nulls":4},"上会后电子卖场"]
[{"$nulls":5},"瓶","苦柏子洗液","250ml/瓶","长沙新林制药有限公司",null,20,20,20]
[{"$nulls":5},"盒","参术血府颗粒","12g*6 包",null,null,30,30,30]
[{"$nulls":5},"贴","三黄止痛贴膏","7cm×10cm","湘潭怡凡健康管理有限公司九华中医诊所",null,6.2,6.2,6.2]
[28,"零购","肿瘤内科\n(安宁疗护病房)","创维86A33液晶电视机",1,null,null,"86寸","衡阳市蒸湘区鸿泰家具城",null,8900,"总计按35000结算","总计按35000结算","通过","报价总计43290元"]
[{"$nulls":3},"电子显示屏",1,null,null,"50cm*300cm",null,null,1690]
[{"$nulls":3},"落地移动电视推车",1,{"$nulls":5},980]
[{"$nulls":3},"演讲台",1,{"$nulls":5},1680]
[{"$nulls":3},"遮光卷帘",4,null,null,"240cm*260cm",null,null,380]
[{"$nulls":3},"床帘",23,null,null,"600cm*260cm",null,null,560]
[28,"零购","肿瘤内科\n(安宁疗护病房)","床上用品三件套（多喜爱）",45,{"$nulls":3},"衡阳市蒸湘区鸿泰家具城",null,180,"总计按35000结算","总计按35000结算","通过","报价总计43290元"]
[{"$nulls":3},"海尔冰箱",1,null,null,"178L",null,null,1650]
[{"$nulls":3},"加厚不锈钢移动输液架",5,{"$nulls":5},150]
[{"$nulls":3},"装饰画、亚克力立体墙贴",20,{"$nulls":5},198]
[{"$nulls":3},"桌布",2,null,null,"600cm*200cm",null,null,400]
[{"$nulls":3},"桌面胶垫",1,null,null,"450cm*160cm",null,null,380]
[29,"电子卖场","后勤保障部","异地扩建工程项目供电管线规划红线图设计费（上限值：110000元）",{"$nulls":4},"中图设计有限公司衡阳分公司",null,106800,106800,106800,"通过"]
[30,"电子卖场","后勤保障部","雁峰院区及华新院区中央空调机房、锅炉机房可燃气体报警器装置检测费",17,"台",null,null,"湖南量科检测技术有限公司",null,400,360,360,"通过","17台（总价6120元）\n2023年09月01日招标按400元/台通过\n根据衡阳市城市管理和综合执法局等十部门关于落实餐饮等生产经营单位安装可燃气体报警装置的通知，对可燃气体报警装置按相关规定定期进行检测"]
[31,"电子卖场","后勤保障部","雁峰院区锅炉房更换空调真空泵\n（上限值：10000元）",1,"台","远大/BROAD","FX32\n功率11KW","湖南齐家电器贸易有限公司",null,9950,9950,9950,"通过","黎海洋/18570370802"]
[32,"续签","后勤保障部","衡阳市中心医院异地扩建工程领域专项法律服务续签",1,"年",null,null,"湖南弘一（衡阳）律师事务所",null,"40000元/年","40000元/年","40000元/年","通过","2023.09.15招标，法律服务期间按三年计算，每合同年度期限为一年，经考核合格后继续续签。\n续签第一年"]
[33,"续签","后勤保障部","雁峰院区中山南路6号第2室2024年整年出租（三人行文化商行）",null,null,"97.95元/平方/月，40平方",{"$nulls":6},"通过","3918元/月\n47016元/年"]
[34,"维修","后勤保障部","雁峰院区中央空调1号（溴化锂）主机故障，更换电脑主板",1,"块",null,"GONA-SG00","冰山松洋制冷（大连）有限公司",null,20526,19000,19000,"通过","厂商维护提案及报价：1.主板返厂检测维修，更换相关配件，维修时长约45天，费用未知。2.更换整体电脑主板（日本三洋），含一枚芯片\n申请报告签字预估价20000元"]
[35,"维修","后勤保障部","雁峰院区手术室层流空调改造电源电线",50,"米",null,"主机YJV恒飞电缆3*25+2*16","衡阳市蒸湘区长顺冷气经营维修中心",null,104,104,104,"通过","报价总计6898元，审计科已核"]
[{"$nulls":4},50,"米",null,"9间手术室电辅恒飞电缆4*6",null,null,17,17,17]
[{"$nulls":4},6,"个",null,"Φ25铜鼻子",null,null,28,28,28]
[{"$nulls":4},4,"个",null,"Φ16铜鼻子",null,null,20,20,20]
[{"$nulls":4},8,"个",null,"Φ6铜鼻子",null,null,10,10,10]
[{"$nulls":4},2,"个",null,"50A德力西空开",null,null,260,260,260]
[36,"零购","后勤保障部","卫生纸",3600,"包",null,"120g","衡阳顺康食品科技有限公司",null,1.8,1.8,1.8,"通过","1件/60包"]
[37,"零购","后勤保障部","华新院区医疗街诊室地垫",112,"平方米",null,"40M*2.8M\n(灰色)","衡阳市雁峰区兴万五金店",null,"75/平方","70/平方","70/平方","通过"]
[38,"零购","后勤保障部","2024年4月各科室申领五金类物资、耗材",{"$nulls":4},"衡阳市雁峰区兴万五金店",null,9705.36,9705.36,9705.36,"通过","审计科已核，详情见附件"]
[39,"零购","后勤保障部","2024年5月各科室申领五金类物资、耗材",{"$nulls":4},"衡阳市雁峰区兴万五金店",null,1957.2,1957.2,1957.2,"通过","审计科已核，详情见附件"]
[40,"零购","后勤保障部","后勤保障部电工班维修用备用耗材",{"$nulls":4},"衡阳市雁峰区兴万五金店",null,2601.4,2601.4,2601.4,"通过","审计科已核，详情见附件"]
[41,"零购","后勤保障部","2024年4月后勤保障部水、电、泥木3个班组维修用耗材",{"$nulls":4},"衡阳市雁峰区兴万五金店",null,4720.79,4720.79,4720.79,"通过","审计科已核，详情见附件"]
[{"$nulls":14},"采购办","2024-10-11"]

{"sheet":"附件","index":1,"n_rows":126,"n_cols":9,"rows_kept":126,"merged":[[0,0,0,8],[18,0,18,2],[23,0,23,8],[35,0,35,2],[50,0,50,8],[66,0,66,2],[74,0,74,8],[125,0,125,5]]}
["审计明细记录"]
["序号","名称及规格","单位","数量","送审单价","审核单价","送审金额","审核金额","审减金额"]
[1,"恒温水壶  九阳K50","个",1,286,198,{"$f":"D3*E3","v":{"v":286,"d":"286.00"}},{"$f":"D3*F3","v":198},{"$f":"H3-G3","v":-88}]
[2,"沟槽板 300*500","块",10,27.5,18,{"v":275,"d":"275.00"},180,-95]
[3,"脱胶剂","瓶",2,23,15,{"v":46,"d":"46.00"},30,-16]
[4,"活动扳手","把",1,22,15,{"v":22,"d":"22.00"},15,-7]
[5,"测距仪 70m","个",2,197,197,{"v":394,"d":"394.00"},394,0]
[6,"污水泵 750W","个",8,836,780,{"v":6688,"d":"6688.00"},6240,-448]
[7,"防冻水带","米",100,8.5,3,{"v":850,"d":"850.00"},300,-550]
[8,"卡子","只",30,3,3,{"v":90,"d":"90.00"},90,0]
[9,"头灯","只",1,76,76,{"v":76,"d":"76.00"},76,0]
[10,"活接头 2寸","只",5,4.5,4.5,{"v":22.5,"d":"22.50"},22.5,0]
[11,"污水泵 4KW","台",1,1970,1500,{"v":1970,"d":"1970.00"},1500,-470]
[12,"安全带","盒",5,38.5,23,{"v":192.5,"d":"192.50"},115,-77.5]
[13,"把手锁","把",1,85,62.43,{"v":85,"d":"85.00"},62.43,-22.57]
[14,"方路锥","只",20,43,20,{"v":860,"d":"860.00"},400,-460]
[15,"把手锁","把",1,145,62.43,{"v":145,"d":"145.00"},62.43,-82.57]
[16,"空调遥控","只",1,20,20,{"v":20,"d":"20.00"},20,0]
["合    计",{"$nulls":5},{"$f":"SUM(G3:G18)","v":{"v":12022,"d":"12022.00"}},{"$f":"SUM(H3:H18)","v":9705.36},-2316.64]
[]
[]
[]
[]
["审计明细记录"]
["序号","名称及规格","单位","数量","送审单价","审核单价","送审金额","审核金额","审减金额"]
[1,"壁扇 （万宝FW40)","台",2,167,112,{"$f":"D26*E26","v":{"v":334,"d":"334.00"}},{"$f":"D26*F26","v":224},{"$f":"H26-G26","v":-110}]
[2,"吊扇","台",1,176,100,{"v":176,"d":"176.00"},100,-76]
[3,"单冷水龙头","个",1,75,50,{"v":75,"d":"75.00"},50,-25]
[4,"真空泵油G5-1","桶",6,336,185,{"v":2016,"d":"2016.00"},1110,-906]
[5,"公牛排插","个",1,55,45,{"v":55,"d":"55.00"},45,-10]
[6,"公牛排插604   3m","个",1,83,75,{"v":83,"d":"83.00"},75,-8]
[7,"电池 9V","块",10,4,4,{"v":40,"d":"40.00"},40,0]
[8,"电池 南孚5号","对",35,5,3.96,{"v":175,"d":"175.00"},138.6,-36.4]
[9,"电池 南孚7号","对",35,5,3.96,{"v":175,"d":"175.00"},138.6,-36.4]
[10,"链条锁","把",2,18,18,{"v":36,"d":"36.00"},36,0]
["合    计",{"$nulls":5},{"$f":"SUM(G26:G35)","v":{"v":3165,"d":"3165.00"}},{"$f":"SUM(H26:H35)","v":{"v":1957.2,"d":"1957.20"}},-1207.8]
{"$rows_empty":14}
["审计明细记录"]
["序号","名称及规格","单位","数量","送审单价","审核单价","送审金额","审核金额","审减金额"]
[1,"电线卡“大角”","盒",10,3,3,{"$f":"D53*E53","v":{"v":30,"d":"30.00"}},{"$f":"D53*F53","v":30},{"$f":"H53-G53","v":0}]
[2,"2P63A漏电开关","只",20,53,52.82,{"v":1060,"d":"1060.00"},1056.4,-3.59999999999991]
[3,"护套线2x4金杯","米",100,7.8,7.8,{"v":780,"d":"780.00"},780,0]
[4,"线管“联塑Φ20”","根",10,5.5,5.5,{"v":55,"d":"55.00"},55,0]
[5,"转换插座“子弹头”","只",2,28.6,18,{"v":57.2,"d":"57.20"},36,-21.2]
[6,"交流接触器LC1810","只",1,147,78,{"v":147,"d":"147.00"},78,-69]
[7,"直接PVCΦ20","只",10,0.4,0.4,{"v":4,"d":"4.00"},4,0]
[8,"配电箱双24位","只",1,146,126,{"v":146,"d":"146.00"},126,-20]
[9,"管卡Φ20","包",1,20,20,{"v":20,"d":"20.00"},20,0]
[10,"时控开关KG316","只",2,65,43,{"v":130,"d":"130.00"},86,-44]
[11,"温度表“开水桶”","只",5,18,18,{"v":90,"d":"90.00"},90,0]
[12,"交流接触器1810","只",5,51.5,30,{"v":257.5,"d":"257.50"},150,-107.5]
[13,"辅助头","只",2,13,10,{"v":26,"d":"26.00"},20,-6]
[14,"线槽24","根",20,3.5,3.5,{"v":70,"d":"70.00"},70,0]
["合    计",{"$nulls":5},{"$f":"SUM(G53:G66)","v":{"v":2872.7,"d":"2872.70"}},{"$f":"SUM(H53:H66)","v":{"v":2601.4,"d":"2601.40"}},-271.3]
{"$rows_empty":7}
["审计明细记录"]
["序号","名称及规格","单位","数量","送审单价","审核单价","送审金额","审核金额","审减金额"]
[1,"钢合页“庆兴100#”","副",5,8.5,4.8,{"$f":"D77*E77","v":{"v":42.5,"d":"42.50"}},{"$f":"D77*F77","v":{"v":24,"d":"24.00"}},{"$f":"H77-G77","v":-18.5}]
[2,"锁芯“大50铜”","把",5,76,21,{"v":380,"d":"380.00"},{"v":105,"d":"105.00"},-275]
[3,"转舌锁","把",2,6.8,6.8,{"v":13.6,"d":"13.60"},{"v":13.6,"d":"13.60"},0]
[4,"把手锁“凯菱”","把",3,145,62.43,{"v":435,"d":"435.00"},187.29,-247.71]
[5,"把手锁“永坚利”","把",3,75,62.43,{"v":225,"d":"225.00"},187.29,-37.71]
[6,"抽屉锁“长芯金珠王”","把",24,7.68,7.68,184.32,184.32,0]
[7,"轨道“乐当家16寸”","副",4,19.5,18,{"v":78,"d":"78.00"},{"v":72,"d":"72.00"},-6]
[8,"防盗门天地插销","副",2,32,20,{"v":64,"d":"64.00"},{"v":40,"d":"40.00"},-24]
[9,"闭门器","只",5,75,0,{"v":375,"d":"375.00"},{"v":0,"d":"0.00"},-375]
[10,"转芯锁","把",10,6.8,6.8,{"v":68,"d":"68.00"},{"v":68,"d":"68.00"},0]
[11,"抽屉锁“长芯金珠王”","把",24,7.68,7.68,184.32,184.32,0]
[12,"球形锁“伟邦”","把",2,28,18,{"v":56,"d":"56.00"},{"v":36,"d":"36.00"},-20]
[13,"灭蚊器宝视达3型","个",3,86,72,{"v":258,"d":"258.00"},{"v":216,"d":"216.00"},-42]
[14,"弹簧称“香山”","只",5,23,20,{"v":115,"d":"115.00"},{"v":100,"d":"100.00"},-15]
[15,"截止阀DN20","只",2,35,25,{"v":70,"d":"70.00"},{"v":50,"d":"50.00"},-20]
[16,"厚生料带","卷",4,2,1.8,{"v":8,"d":"8.00"},{"v":7.2,"d":"7.20"},-0.8]
[17,"继电器","只",6,42,42,{"v":252,"d":"252.00"},{"v":252,"d":"252.00"},0]
[18,"石墨垫Φ40","只",5,7.5,2,{"v":37.5,"d":"37.50"},{"v":10,"d":"10.00"},-27.5]
[19,"PVC直接Φ32","只",4,3,2,{"v":12,"d":"12.00"},{"v":8,"d":"8.00"},-4]
[20,"钢卡子Φ75","只",5,5.5,5.5,{"v":27.5,"d":"27.50"},{"v":27.5,"d":"27.50"},0]
[21,"AB胶","盒",1,8,8,{"v":8,"d":"8.00"},{"v":8,"d":"8.00"},0]
[22,"落水器“蓝艇”","只",4,25,20,{"v":100,"d":"100.00"},{"v":80,"d":"80.00"},-20]
[23,"锁舌50mm","只",5,15,6.8,{"v":75,"d":"75.00"},{"v":34,"d":"34.00"},-41]
[24,"平开窗限位器拉杆","只",8,17.5,10,{"v":140,"d":"140.00"},{"v":80,"d":"80.00"},-60]
[25,"电胶","卷",1,3,3,{"v":3,"d":"3.00"},{"v":3,"d":"3.00"},0]
[26,"转舌锁","把",10,6.8,6.8,{"v":68,"d":"68.00"},{"v":68,"d":"68.00"},0]
[27,"扳手“得克”","把",1,22,15,{"v":22,"d":"22.00"},{"v":15,"d":"15.00"},-7]
[28,"隔断门轴","只",3,110,70,{"v":330,"d":"330.00"},{"v":210,"d":"210.00"},-120]
[29,"隔断门板","块",1,185,110,{"v":185,"d":"185.00"},{"v":110,"d":"110.00"},-75]
[30,"把手锁厕所门锁","把",3,62.43,62.43,187.29,187.29,0]
[31,"堵漏王","包",1,12,12,{"v":12,"d":"12.00"},{"v":12,"d":"12.00"},0]
[32,"落水器“蓝艇”","只",1,25,20,{"v":25,"d":"25.00"},{"v":20,"d":"20.00"},-5]
[33,"铁丝","斤",3,4.5,4.5,{"v":13.5,"d":"13.50"},{"v":13.5,"d":"13.50"},0]
[34,"堵漏王","包",2,12,12,{"v":24,"d":"24.00"},{"v":24,"d":"24.00"},0]
[35,"抽屉锁“金珠王”","把",36,7.68,7.68,276.48,276.48,0]
[36,"内六角扳手","套",1,22,15,{"v":22,"d":"22.00"},{"v":15,"d":"15.00"},-7]
[37,"好披头","根",2,8,8,{"v":16,"d":"16.00"},{"v":16,"d":"16.00"},0]
[38,"抽芯铝铆钉","盒",1,36,25,{"v":36,"d":"36.00"},{"v":25,"d":"25.00"},-11]
[39,"拉手“凯奥斯90”","只",4,7.5,7.5,{"v":30,"d":"30.00"},{"v":30,"d":"30.00"},0]
[40,"锁体","把",1,21,21,{"v":21,"d":"21.00"},{"v":21,"d":"21.00"},0]
[41,"排勾阳江6勾","只",1,23,23,{"v":23,"d":"23.00"},{"v":23,"d":"23.00"},0]
[42,"软排管","根",2,10,4.5,{"v":20,"d":"20.00"},{"v":9,"d":"9.00"},-11]
[43,"不锈钢门面板","副",1,135,135,{"v":135,"d":"135.00"},{"v":135,"d":"135.00"},0]
[44,"充电电筒","个",1,18,18,{"v":18,"d":"18.00"},{"v":18,"d":"18.00"},0]
[45,"钢钩","个",5,5,5,{"v":25,"d":"25.00"},{"v":25,"d":"25.00"},0]
[46,"除锈剂","瓶",1,25,25,{"v":25,"d":"25.00"},{"v":25,"d":"25.00"},0]
[47,"落水器“蓝艇”","个",1,25,20,{"v":25,"d":"25.00"},{"v":20,"d":"20.00"},-5]
[48,"公牛排插3米403","只",25,45,45,{"v":1125,"d":"1125.00"},{"v":1125,"d":"1125.00"},0]
[49,"换气扇“金羚龙集成”","只",4,140,80,{"v":560,"d":"560.00"},{"v":320,"d":"320.00"},-240]
["合     计",{"$nulls":5},{"$f":"SUM(G77:G125)","v":6436.01},4720.79,-1715.22]

{"sheet":"当次移除项目","index":2,"n_rows":2,"n_cols":17,"rows_kept":2}
["序号","性质","科室","项  目","数量","单位","生产厂家","规格型号","投标企业","是否授权","中标（报）价/\n单价(元)","二次报价/\n单价(元)","最终价/单价(元)","是否\n通过","备注","平台编码\n注册证","医保编码"]
[33,"维修","肿瘤放疗科","瓦里安Vital Beam医用直线加速器",{"$nulls":4},"瓦里安医疗器械贸易（北京）有限公司",null,167270.49,{"$nulls":3},"刘春燕/15580332966"]